| Registos Bibliográficos associados ao registo de autoridade |
|
Etiqueta de registo: 00254nam 2200025 450 001 2285108 003 http://id.bnportugal.gov.pt/bib/catbnp/2285108 010 ## $a978-989-35957-4-9 021 ## $aPT$b560149/26 100 ## $a20260423d2026 m y0pory01030103ba 101 0# $apor 102 ## $aPT 105 ## $aa z 000yy 106 ## $ar 200 1# $aMário Casimiro - A psicanálise pode ser aprendida, mas não ensinada$forg. e apresentação João Pedro Fróis 205 ## $a1ª ed 210 #9 $a[S.l.]$cTaiga,$dcop. 2026 215 ## $a251 p.$cil.$d20 cm 700 #1 $aCasimiro,$bMário,$f1925-2003$31996742 702 #1 $aFróis,$bJoão Pedro,$f1957-$4340$3183064 801 #0 $aPT$bBN$gRPC 966 ## $lBN$mFGMON$x1 966 ## $lBN$mFGMON$x1 971 ## $cssilva$d20260423
|
|
|